LEADER 01074nam2-2200373---450- 001 990002842410203316 005 20061204103518.0 010 $a2-02-011481-X 035 $a000284241 035 $aUSA01000284241 035 $a(ALEPH)000284241USA01 035 $a000284241 100 $a20061204d1990----km-y0itay50------ba 101 0 $afre 102 $aFR 105 $ay|||z|||001yy 200 1 $a<<1.>> : <> sondeur d'abîmes$e1885-1933$fJean Lacouture 210 $aParis$cÉditions du Seuil$d1990 215 $a404 p.$d18 cm 225 2 $aPoints$v206 410 0$12001$aPoints$v206 461 1$1001000284239$aFrançois Mauriac 600 1$aMauriac,$bFrançois 676 $a843.91 700 1$aLACOUTURE,$bJean$0390969 801 0$aIT$bsalbc$gISBD 912 $a990002842410203316 951 $aVI.4.B. 780/1(II f C 495/1)$b189049 L.M.$cVI.4.$d00119331 959 $aBK 969 $aUMA 979 $aANNAMARIA$b90$c20061204$lUSA01$h1031 979 $aANNAMARIA$b90$c20061204$lUSA01$h1035 996 $aSondeur d'abîmes$9993274 997 $aUNISA LEADER 01024nam0-2200361---450 001 990005706840203316 005 20190403125005.0 035 $a000570684 035 $aUSA01000570684 035 $a(ALEPH)000570684USA01 035 $a000570684 100 $a20070322d1988----|||y0itaa50------ba 101 $aeng 102 $aus 105 $a0 00||| 200 1 $a<> history of atheism in Britain$efrom Hobbes to Russell$fDavid Berman 210 $aLondon$aNew York$cCroom Helm$dc1988 215 $aX, 253 p.$d23 cm. 606 $aAteismo$xGran Bretagna$2F 620 $dLONDON 676 $a211.8 700 1$aBERMAN,$bDavid$0539865 801 0$aIT$bSA$c20111219 912 $a990005706840203316 950 0$aDipar.to di Filosofia - Salerno$dDFCC 211.8 BER$e2999 FIL 951 $aCC 211.8 BER$b2999 FIL 959 $aBK 969 $aFIL 979 $c20121027$lUSA01$h1526 979 $c20121027$lUSA01$h1615 996 $aHistory of atheism in Britain$9872159 997 $aUNISA NUM $aSA0019446